000 00457 a2200181 4500
001 066594
003 OSt
005 20211004104623.0
008
082 _a519.2
_bF33I
100 1 _aFeller, William
245 1 _aAn introduction to probability Theory and its applications
_cby William Feller
250 _a2nd ed.
260 _aIndia
_bWiley
_c2009
300 _a669p.
690 _aProbabilities
942 _2ddc
_cBK
999 _c637
_d637